Avengers Infinity War - Statistics

General Stats
  • This quiz has been taken 246 times
  • The average score is 28 of 34
Answer Stats
Hint Answer % Correct
Ironman
97%
Avengers Captain America
96%
Thor's Brother Loki
94%
Rocket
94%
Who is the main villain Thanos
94%
Blackwidow
93%
Gamora
93%
Guardians Starlord
93%
Time
93%
Groot
92%
Thor
92%
Hulk
91%
Drax
90%
Mind
90%
Power
90%
Blackpanther
88%
Reality
88%
Soul
88%
Mantis
86%
Every Infinity Stone Space
85%
Spiderman
85%
Nebula
84%
Scarlet Witch
79%
Vision
79%
Thor's new hammer Stormbreaker
76%
Falcon
74%
In end credit scene Nick Fury
71%
Symbol in end credit scene Captain Marvel
67%
Thor's Best Friend Heimdall
67%
Warmachine
66%
Winter Solider
64%
Maria Hill
63%
Dr Strange
55%
Wong
42%
No matching quizzes found
Score Distribution
Percent of People with Each Score
Percentile by Number Answered
Your Score History
You have not taken this quiz